| LEADER | 01029nam a2200205 4500 | ||
|---|---|---|---|
| 082 | |a 915.97 |b NG527V | ||
| 100 | |a Nguyễn Văn Âu | ||
| 245 | |a Một số vấn đề về địa danh học Việt Nam |c Nguyễn Văn Âu | ||
| 250 | |a In lần thứ 2 | ||
| 260 | |a H. |b Đại học Quốc gia Hà Nội |c 2002 | ||
| 300 | |a 155tr. |c 20cm | ||
| 520 | |a vv | ||
| 653 | |a Địa lí | ||
| 653 | |a Địa danh | ||
| 653 | |a Việt Nam | ||
| 942 | |2 ddc |c STK0 | ||
| 999 | |c 1307 |d 1307 | ||
| 952 | |0 0 |1 0 |2 ddc |4 0 |6 915_970000000000000_NG527V |7 1 |8 900 |9 24617 |a qbu |b qbu |c D5 |d 2014-12-08 |g 12800 |o 915.97 NG527V |p 4568.C1 |r 0000-00-00 |w 2014-12-08 |y STK0 |0 0 |6 915_970000000000000_NG527V | ||
| 952 | |0 0 |1 0 |2 ddc |4 0 |6 915_970000000000000_NG527V |7 0 |8 900 |9 24618 |a qbu |b qbu |c D5 |d 2014-12-08 |g 12800 |o 915.97 NG527V |p 4568.C2 |r 0000-00-00 |w 2014-12-08 |y STK0 |0 0 |6 915_970000000000000_NG527V | ||
| 952 | |0 0 |1 0 |2 ddc |4 0 |6 915_970000000000000_NG527V |7 0 |8 900 |9 24619 |a qbu |b qbu |c D5 |d 2014-12-08 |g 12800 |o 915.97 NG527V |p 4568.C3 |r 0000-00-00 |w 2014-12-08 |y STK0 |0 0 |6 915_970000000000000_NG527V | ||